00439nam a2200145Ia 4500008004100000082001000041082000800051245007600059245001600135260001600151300000900167942000800176999001900184952009000203231017s9999 xx 000 0 und d a621.8 bCUN 4aThe Costs of Maintaining and Repairing Vehicles in Developing Countries 0cM A Cundill bM A Cundill c30cm cREP c603984d603984 00104070aNITbNITd2023-10-17l0o621.8 CUNpNIT-2256r2023-10-17w2023-10-17yREP